000
00314nam a22001337a 4500
008
170616b xxu||||| |||| 00| 0 eng d
020
_a
9780198781837
041
_a
eng
080
_a
32
100
_a
20
101
_a
SHP
245
_a
THE NEW POLITICS OF INEQUALITY IN LATIN AMERICA
_c
CHALMERS
942
_2
udc
_c
BK
999
_c
17746
_d
17746